000 00561nam a2200193 i 4500
001 bg
100 1 _aZEEWAERT, Leonardo
_d(1914- )
245 0 _aFoundation engineering for difficult subsoil conditions /
_cLeonardo Zeewaert.
260 _aNew York :
_bVan Nostrand Reinhold,
_c1973.
650 9 _aFundamenty
_xmechanika
_xbadanie
650 9 _aMechanika gruntów
_xbudownictwo
020 _a0442295731
040 _cBPK
041 _apol
080 _a624.13:624.15
920 _a0-442-29573-1
942 _cKS
008 s pl f |000 0 pol
999 _c27633
_d27633
856 _uhttp://koha.tu.koszalin.pl/cgi-bin/koha/opac-detail.pl?biblionumber=27633
_yKatalog online BPK